000 00549nam a2200181Ia 4500
001 4899
005 20260306145828.0
008 260306t1999||||xx |||||||||||||| ||spa||
041 _aESP
082 _a331.1
_bU61A
100 _aUniversidad de San Martin de Porres. Facultad de Relaciones Industriales.
_eAUT
245 0 _aCalidad del servicio proempleo:
_bestudio realizado para el Ministerio de Trabajo y Promoción Social
260 _c1999
300 _a169 páginas :
_c20 cm.
650 _aGEN
654 _aCAN
942 _cLIB
_dJUS
_fJUS
_2ddc
_n
999 _c4899
_d4899